‘Hut keepers have always adapted to climatic conditions’: adaptation or professional evolution? Mountain hut keepers faced with climate change (notice n° 1920407)
[ vue normale ]
| 000 -LEADER | |
|---|---|
| fixed length control field | 01688cam a2200157 4500500 |
| 005 - DATE AND TIME OF LATEST TRANSACTION | |
| control field | 20260329022458.0 |
| 041 ## - LANGUAGE CODE | |
| Language code of text/sound track or separate title | fre |
| 042 ## - AUTHENTICATION CODE | |
| Authentication code | dc |
| 100 10 - MAIN ENTRY--PERSONAL NAME | |
| Personal name | de Rosemont, Sophie |
| Relator term | author |
| 245 00 - TITLE STATEMENT | |
| Title | ‘Hut keepers have always adapted to climatic conditions’: adaptation or professional evolution? Mountain hut keepers faced with climate change |
| 260 ## - PUBLICATION, DISTRIBUTION, ETC. | |
| Date of publication, distribution, etc. | 2026.<br/> |
| 500 ## - GENERAL NOTE | |
| General note | 15 |
| 520 ## - SUMMARY, ETC. | |
| Summary, etc. | The mountain hut keeper’s job is directly affected by the effects of climate change: water shortages, partial or total destruction of access paths, extreme weather events, etc. However, socio-environmental adaptation strategies are only part of the explanation for changes in working practices. The increasing complexity and multiplication of work tasks is due to various factors external to this professional group. Social and technical evolution in mountain sports (hiking, mountaineering) are generating new demands from users. These emerging needs of users are creating new tensions for the work team. But internal factors also play a major role in the evolution of the profession. In this paper, I will show how climate change is not only a constraint that forces changes in practices. It is also a driver of new ways of approaching the profession, linked to a system of social and ecological values. Thus, the structuring of the activity as a profession and evolution in the profiles of hut keepers are at the root of the emergence of new work practices and organisation. |
| 786 0# - DATA SOURCE ENTRY | |
| Note | Natures Sciences Sociétés | 33 | 3 | 2026-03-03 | p. 260-270 | 1240-1307 |
| 856 41 - ELECTRONIC LOCATION AND ACCESS | |
| Uniform Resource Identifier | <a href="https://stm.cairn.info/journal-natures-sciences-societes-2025-3-page-260?lang=en&redirect-ssocas=7080">https://stm.cairn.info/journal-natures-sciences-societes-2025-3-page-260?lang=en&redirect-ssocas=7080</a> |
Pas d'exemplaire disponible.




Réseaux sociaux